| 000 | 00708nam a2200217 i 4500 | ||
|---|---|---|---|
| 001 | 63658 | ||
| 003 | ES-MaACL | ||
| 005 | 20230906164933.0 | ||
| 007 | t| | ||
| 008 | 031215s1980 sp ||||1| spa d | ||
| 100 | 1 |
_aFeys, Robert. _950662 |
|
| 245 | 1 | 4 |
_aLos símbolos de la lógica matemática / _cRobert Feys y Frederic B. Fitch ; [traducido por Guillermo Rosique Puerta]. |
| 260 |
_aMadrid : _bParaninfo, _c1980. |
||
| 300 |
_a189 p. ; _c22 cm. |
||
| 490 | 1 | _aLógica y teoría de la ciencia | |
| 700 | 1 |
_aFitch, Frederic. _951055 |
|
| 700 | 1 |
_aRosique Puerta, Guillermo. _999788 |
|
| 830 | 0 |
_aLógica y teoría de la ciencia _9181546 |
|
| 852 |
_aES-MaACL _jA-10612 _bR.99882 |
||
| 999 |
_c63658 _d63658 |
||